000 00528nam a2200193 a 4500
005 20140310183224.0
008 031122s19uu xx 00 eng d
050 _aZ 253.5
_b.H27 2002
100 _aHarrower, Tim
245 _aThe Newspaper designer's handbook /
_cTim Harrower.
250 _a5th ed.
260 _aBoston :
_bMcGraw Hill,
_c2002.
300 _a264p. :
_bill. col. ;
_c28 cm.
500 _aW/ CD-ROM
521 _aMA
650 _aNewspaper layout and typography
942 _cBK
_2lcc
_kFOR
999 _c20360
_d20360